CCNA Acronyms 2 - Statistics

General Stats
  • This quiz has been taken 15 times
  • The average score is 3 of 30
Answer Stats
Hint Answer % Correct
BGP Border Gateway Protocol
86%
BPDU Bridge protocol data unit
57%
ATM Asynchronous Transfer Mode
43%
CA Certificate authority
43%
ASIC Application-specific integrated circuit
14%
BRI Basic Rate Interface
14%
BSS Basic Service Set
14%
BSSID Basic Service Set Identifier
14%
BIA Burned-in address
14%
CatOS Catalyst operating system
14%
CAM Content-addressable memory
14%
ASA Adaptive Security Appliance
0%
ASDM Adaptive Security Device Manager
0%
AWPP Adaptive Wireless Path Protocol
0%
ASBR Autonomous system boundary router
0%
BASc Bachelor's degree in applied science
0%
BECN Backward explicit congestion notification
0%
B Bearer
0%
BGP-4 BGP Version 4
0%
BOM Bill of Materials
0%
BER Bit error rate
0%
BOOTP Bootstrap Protocol
0%
BCMSN Building Cisco Multilayer Switched Networks
0%
BSCI Building Scalable Cisco Internetworks
0%
BHT Busy-hour traffic
0%
CAC Call admission control
0%
CAS Channel associated signaling
0%
CA Collision Avoidance
0%
CAR Committed access rate
0%
BGP4+ Multiprotocol extensions to BGP version 4
0%
No matching quizzes found
Score Distribution
Percent of People with Each Score
Percentile by Number Answered
Your Score History
You have not taken this quiz